Central Library OPAC University of Rajshahi

The Grand Tour / (Record no. 28463)

MARC details
000 -LEADER
fixed length control field 00902cam a2200313 4500
001 - CONTROL NUMBER
control field 28463
003 - CONTROL NUMBER IDENTIFIER
rucl marc code BD-RjUL
005 - DATE AND TIME OF LATEST TRANSACTION
control field 20211209051303.0
008 - FIXED-LENGTH DATA ELEMENTS--GENERAL INFORMATION
fixed length control field 140330s1969 enkabch b 001 0 eng
020 ## - INTERNATIONAL STANDARD BOOK NUMBER
International Standard Book Number 0297178423
035 ## - SYSTEM CONTROL NUMBER
System control number (BD-RjUL)28544
040 ## - CATALOGING SOURCE
Original cataloging agency DLC
Transcribing agency DLC
Modifying agency DLC
Language of cataloging eng
041 ## - LANGUAGE CODE
Language code of text/sound track or separate title eng
082 00 - DEWEY DECIMAL CLASSIFICATION NUMBER
Classification number 914.04253
Author mark and year HIG 1969
100 1# - MAIN ENTRY--PERSONAL NAME
Personal name Hibbert, Christopher,
Dates associated with a name 1924-2008.
9 (RLIN) 15182
245 14 - TITLE STATEMENT
Title The Grand Tour /
Statement of responsibility, etc. Christopher Hibbert
260 ## - PUBLICATION, DISTRIBUTION, ETC. (IMPRINT)
Place of publication, distribution, etc. London :
Name of publisher, distributor, etc. Weidenfeld & Nicolson,
Date of publication, distribution, etc. 1969.
300 ## - PHYSICAL DESCRIPTION
Pagination [2], 256 p. :
Illustrations ill. ;
Size 26 cm.
350 ## - PRICE (NR) (BK AM CF MU VM SE) [OBSOLETE]
Price 70/-
500 ## - GENERAL NOTE
General note Illus. on lining papers.
504 ## - BIBLIOGRAPHY, ETC. NOTE
Bibliography, etc Includes index
650 #0 - SUBJECT ADDED ENTRY--TOPICAL TERM
Topical term or geographic name as entry element British
Geographic subdivision Europe
General subdivision History.
9 (RLIN) 87159
Topical term or geographic name as entry element Travelers
Geographic subdivision Europe
General subdivision History.
9 (RLIN) 87160
Topical term or geographic name as entry element Travel
General subdivision History.
9 (RLIN) 87161
651 #0 - SUBJECT ADDED ENTRY--GEOGRAPHIC NAME
Geographic name Europe
General subdivision Description and travel.
9 (RLIN) 65724
942 ## - ADDED ENTRY ELEMENTS (KOHA)
Source of classification or shelving scheme Dewey Decimal Classification
Koha item type Books
Holdings
Lost status Source of classification or shelving scheme Damaged status Not for loan Collection code Permanent Location Current Location Shelving location Date acquired Source of acquisition Cost, normal purchase price Total Checkouts Full call number Date last seen Copy number Koha item type
  Dewey Decimal Classification   Added to bundle Non-fiction Central Library, University of Rajshahi Central Library, University of Rajshahi Reading Room 14/08/1972 paramount book cor. 0.00   914.04253 HIG 1969 30/03/2014 C-1 Books